| 000 | 00509nam a2200181Ia 4500 | ||
|---|---|---|---|
| 005 | 20250326142536.0 | ||
| 008 | 250326s9999 xx 000 0 und d | ||
| 037 | _aTextbook | ||
| 040 |
_aFMSL _beng _cFMSL |
||
| 041 |
_aeng _2eng |
||
| 084 | _qFMSL | ||
| 100 |
_aDesai Ashok V _920825 |
||
| 245 | 0 |
_aEnergy planning: Modals information system research and development. _cDesai Ashok V |
|
| 260 |
_aOttawa _bOttawa, Wiley Eastern _c1990 |
||
| 300 | _a108p | ||
| 942 | _cTB | ||
| 999 |
_c1295522 _d1295522 |
||